| 000 | 02258njm a2200289 a 4500 | ||
|---|---|---|---|
| 003 | BLK | ||
| 005 | 20250107113233.0 | ||
| 007 | sd ammalaaahaa | ||
| 008 | 240808b bul||n|| |||||||| n|bulo| | ||
| 028 | _aВЕА 90015 | ||
| 040 | _aBLK | ||
| 041 |
_aBUL _cBUL |
||
| 080 |
_aСимфонична програмна музика. Симфонична поема _b785.11.04 _x(086.72) _z785.11.04(086.72) |
||
| 245 |
_aПесни за изпълнение и творби за възприемане по музика за 8 клас на ЕСПУ. _bОт класицизма към XIX век - 2 част _cсъст. Киприана Беливанова; ред. Евгения Маева |
||
| 260 |
_aСофия _bБалкантон _c1990 _9210374 |
||
| 300 |
_a1 грамофонна плоча _b33 об/мин. : стерео _c30 см |
||
| 380 | _a7 | ||
| 500 | _aСтрана А 4 част (Престо. Алегро асай) из "Симфония № 9 в ре минор, оп. 125" / музика Лудвиг ван Бетховен; изпълнява Симфоничен оркестър на Концертгебау - Амстердам; диригент Ойген Йохум; солисти Л. Ребман, А. Райнолдс, А. Де Ридер, Г. Фелдхоф и Нидерлански радиохор; хормайстор К. Лаут | ||
| 500 | _aСтрана В 1 част (Престо) из "Соната за пиано в ми минор" / музика Йозеф Хайдн; изпълнява Антон Диков 1 част (Алегро модерато) из "Симфония № 8 в си минор Недовършена" / музика Франц Шуберт; изпълнява Виенската филхармония; диригент Дьорд Шолти | ||
| 653 |
_9196604 _aсимфонична музика |
||
| 700 |
_91478 _aБеливанова, Киприана Димитрова _eсъстав. |
||
| 700 |
_91311 _aМаева, Евгения _eред. |
||
| 852 |
_aФ ІІ 7631 _bЦб |
||
| 856 |
_i0.00 _ldisable |
||
| 942 |
_cGPL _n0 |
||
| 944 |
_cХристина Везирева _k30535 _lХристина Везирева _a30535 |
||
| 999 |
_c524589 _d524589 |
||